Reštrukturalizácia firmy

Cieľom reštrukturalizácie je prekonať nepriaznivú ekonomickú situáciu spoločnosti a opätovne naštartovať jej fungovanie. Tento proces sa deje pod súdnou ochranou. Reštrukturalizácia z pohľadu dlžníka a veriteľa.

Guardado en:
Detalles Bibliográficos
Autor principal: Sandtner, Lucia
Formato: Capítulo de libro
Lenguaje:eslovaco
Materias:
Etiquetas: Agregar Etiqueta
Sin Etiquetas, Sea el primero en etiquetar este registro!

MARC

LEADER 00000naa a2200000 4500
001 0193988
005 20231114103852.8
041 0 |a slo 
044 |a SK 
245 1 0 |a Reštrukturalizácia firmy  |c Lucia Sandtner 
520 |a Cieľom reštrukturalizácie je prekonať nepriaznivú ekonomickú situáciu spoločnosti a opätovne naštartovať jej fungovanie. Tento proces sa deje pod súdnou ochranou. Reštrukturalizácia z pohľadu dlžníka a veriteľa. 
610 2 0 |a firmy 
610 2 0 |a reštrukturalizácia 
610 2 0 |a reštrukturalizácia finančná 
610 2 0 |a ochrana právna 
100 1 |a Sandtner, Lucia